Stratégia partnerstva Svetovej banky so Slovenskom
Svetová banka schválila Stratégiu partnerstva pre Slovensko na obdobie rokov 2005 až 2007. Pomoc formou úverov, technickej pomoci a analytickej činnosti. Priority novej stratégie Svetovej banky.
Saved in:
| Main Author: | |
|---|---|
| Format: | Book Chapter |
| Language: | Slovak |
| Subjects: | |
| Tags: |
No Tags, Be the first to tag this record!
|
MARC
| LEADER | 00000naa$a2200000$$$4500 | ||
|---|---|---|---|
| 001 | 0019744 | ||
| 005 | 20231004124240.8 | ||
| 041 | 0 | |a slo | |
| 044 | |a SK | ||
| 245 | 1 | 0 | |a Stratégia partnerstva Svetovej banky so Slovenskom |c Radko Kuruc |
| 520 | |a Svetová banka schválila Stratégiu partnerstva pre Slovensko na obdobie rokov 2005 až 2007. Pomoc formou úverov, technickej pomoci a analytickej činnosti. Priority novej stratégie Svetovej banky. | ||
| 610 | 2 | 0 | |a Svetová banka |
| 610 | 2 | 0 | |a Slovensko |
| 610 | 2 | 0 | |a reformy školské |
| 610 | 2 | 0 | |a prostredie ekonomické |
| 610 | 2 | 0 | |a globalizácia |
| 610 | 2 | 0 | |a poradenstvo |
| 610 | 2 | 0 | |a reformy sociálne |
| 610 | 2 | 0 | |a reformy štruktúrne |
| 610 | 2 | 0 | |a nezamestnanosť |
| 610 | 2 | 0 | |a úverovanie |
| 610 | 2 | 0 | |a úver bankový |
| 610 | 2 | 0 | |a rozvoj sociálno-ekonomický |
| 100 | 1 | |a Kuruc, Radko | |